[Event "9th Vidmar Memorial"]
[Site "Bled/Rogaska Slatina YUG"]
[Date "1991.06.??"]
[Round "9"]
[White "Kotronias, Vasilios"]
[Black "Grosar, Aljosa"]
[Result "0-1"]
[WhiteElo "2520"]
[BlackElo "2370"]
[EventDate "1991.06.05"]
[PlyCount "84"]

1.e4 c5 2.Nf3 d6 3.d4 cxd4 4.Nxd4 Nf6 5.Nc3 Nc6 6.Bg5 e6 7.Qd2 a6 8.O-O-O 
Bd7 9.f4 b5 10.Nxc6 Bxc6 11.Qe3 Be7 12.Bxf6 Bxf6 13.e5 Be7 14.exd6 Bxd6 
15.Bd3 Qc7 16.Rhf1 O-O 17.Ne4 Bxe4 18.Qxe4 g6 19.h4 Qa5 20.Kb1 Qb4 21.Qe2 
Be7 22.a3 Qc5 23.g4 Bf6 24.c3 Rab8 25.h5 a5 26.hxg6 hxg6 27.Rh1 b4 28.cxb4
axb4 29.a4 Ra8 30.Bxg6 fxg6 31.Qxe6+ Rf7 32.Rh6 Qe7 33.Rxg6+ Bg7 34.Qc4 
Re8 35.Ka2 Qe2 36.Rd4 Qxc4+ 37.Rxc4 Rb7 38.a5 Re2 39.a6 Rxb2+ 40.Ka1 Re2+ 
41.Kb1 Rd7 42.Kc1 b3 0-1

[Event "9th Vidmar Memorial"]
[Site "Bled/Rogaska Slatina YUG"]
[Date "1991.06.??"]
[Round "10"]
[White "Damljanovic, Branko"]
[Black "Grosar, Aljosa"]
[Result "1-0"]
[WhiteElo "2560"]
[BlackElo "2370"]
[EventDate "1991.06.05"]
[PlyCount "77"]

1.g3 c5 2.Bg2 Nf6 3.e4 Nc6 4.f4 d6 5.d3 g6 6.Nf3 Bg7 7.O-O O-O 8.c3 e5 9.
Na3 Rb8 10.Nc4 Qc7 11.f5 b5 12.Ne3 Rd8 13.g4 d5 14.exd5 Nxd5 15.Nxd5 Rxd5 
16.Ng5 Rd8 17.Qf3 Rb6 18.Qh3 h6 19.fxg6 fxg6 20.Nf7 h5 21.Nxd8 Nxd8 22.Bf3
Qd7 23.Qg2 hxg4 24.Bd5+ Kh7 25.Be3 Bb7 26.Be4 Rd6 27.Bxc5 Rxd3 28.Rae1 Rd2
29.Rf2 Rd1 30.Rxd1 Qxd1+ 31.Rf1 Qd7 32.Bxb7 Nxb7 33.Bf8 Bxf8 34.Rxf8 Nd8 
35.Rf1 Nf7 36.Qf2 Kg7 37.Qf6+ Kf8 38.Qxe5 a6 39.Qh8+ 1-0

[Event "9th Vidmar Memorial"]
[Site "Bled/Rogaska Slatina YUG"]
[Date "1991.06.??"]
[Round "10"]
[White "Gostisa, Leon"]
[Black "Sokolov, Ivan"]
[Result "0-1"]
[WhiteElo "2440"]
[BlackElo "2570"]
[EventDate "1991.06.05"]
[PlyCount "80"]

1.d4 Nf6 2.Nf3 g6 3.Bg5 Bg7 4.Nbd2 d5 5.e3 O-O 6.Be2 c5 7.c3 Qb6 8.Qb3 Nc6
9.O-O Bf5 10.dxc5 Qxc5 11.Nd4 Bc8 12.f4 Nd7 13.Qb5 Qd6 14.Bf3 Nb6 15.Rad1 
Bd7 16.Qe2 a6 17.N4b3 Qc7 18.e4 d4 19.Nb1 Be6 20.Qf2 dxc3 21.Nxc3 Nb4 22.
Nd5 N6xd5 23.exd5 Bf5 24.g4 Bc2 25.Rc1 Bxb2 26.Nd4 Rac8 27.Be4 Bxc1 28.
Rxc1 Qd7 29.Nxc2 Nxc2 30.Rxc2 Qxg4+ 31.Kh1 f6 32.d6 Qd1+ 33.Kg2 Rxc2 34.
Bxc2 Qxd6 35.Bh6 Rc8 36.Bb3+ e6 37.f5 gxf5 38.Kh1 Kf7 39.Qe2 Qc6+ 40.Kg1 
Rg8+ {Ftacnik,L} 0-1

[Event "9th Vidmar Memorial"]
[Site "Bled/Rogaska Slatina YUG"]
[Date "1991.06.??"]
[Round "10"]
[White "Hulak, Krunoslav"]
[Black "Mohr, Georg"]
[Result "1-0"]
[WhiteElo "2520"]
[BlackElo "2465"]
[EventDate "1991.06.05"]
[PlyCount "79"]

1.d4 Nf6 2.Nf3 g6 3.c4 Bg7 4.g3 O-O 5.Bg2 c5 6.O-O cxd4 7.Nxd4 Nc6 8.Nc3 
d6 9.Nxc6 bxc6 10.Bxc6 Rb8 11.Nb5 Be6 12.b3 Ng4 13.Rb1 Qb6 14.Bg2 a6 15.
Na3 Qa5 16.h3 Nf6 17.Bb2 Rfd8 18.Qc1 Qh5 19.g4 Qh4 20.f4 h5 21.g5 Bxh3 22.
gxf6 Bxg2 23.Kxg2 Qg4+ 24.Kf2 Qh4+ 25.Ke3 exf6 26.Qe1 Qg4 27.Rf3 Re8+ 28.
Kf2 g5 29.fxg5 fxg5 30.Bxg7 Kxg7 31.Qc3+ Re5 32.Rh1 f6 33.Qd3 Rbe8 34.e3 
h4 35.Nc2 f5 36.Rg1 Qh5 37.Nd4 g4 38.Nxf5+ Kh8 39.Rf4 h3 40.Rgxg4 1-0

[Event "9th Vidmar Memorial"]
[Site "Bled/Rogaska Slatina YUG"]
[Date "1991.06.??"]
[Round "11"]
[White "Djuric, Stefan"]
[Black "Vaganian, Rafael"]
[Result "1-0"]
[WhiteElo "2540"]
[BlackElo "2585"]
[EventDate "1991.06.05"]
[PlyCount "107"]

1.e4 e6 2.d4 d5 3.e5 c5 4.c3 Nc6 5.Nf3 Qb6 6.a3 c4 7.h4 Bd7 8.h5 f6 9.Qe2 
Na5 10.Bf4 Nb3 11.Ra2 O-O-O 12.g4 Nh6 13.Bh3 Nf7 14.O-O g5 15.Be3 Be7 16.
exf6 Bxf6 17.Ne5 Rhf8 18.Nxd7 Rxd7 19.Nd2 Nxd2 20.Qxd2 Qd6 21.Raa1 e5 22.
Rae1 Bd8 23.f3 Bc7 24.Kh1 h6 25.Qf2 Bb6 26.Qh2 Re7 27.dxe5 Nxe5 28.Bxb6 
axb6 29.Re3 Re6 30.Qe2 Rff6 31.Re1 Nd3 32.Rxe6 Qg3 33.Re8+ Kd7 34.Bg2 Kc6 
35.a4 b5 36.a5 b4 37.Re6+ Rxe6 38.Qxe6+ Kb5 39.Qb6+ Ka4 40.Rf1 Kb3 41.Qe3 
Nxb2 42.cxb4+ Nd3 43.Qd2 Ka4 44.Ra1+ Kb5 45.a6 bxa6 46.Ra5+ Kc6 47.Qe3 Qf2
48.Qxf2 Nxf2+ 49.Kg1 Nd3 50.f4 Nxf4 51.Bf3 c3 52.Rc5+ Kb6 53.Rxc3 Kb5 54.
Ra3 1-0

[Event "9th Vidmar Memorial"]
[Site "Bled/Rogaska Slatina YUG"]
[Date "1991.06.??"]
[Round "11"]
[White "Hansen, Lars Bo"]
[Black "Hulak, Krunoslav"]
[Result "1/2-1/2"]
[WhiteElo "2525"]
[BlackElo "2520"]
[EventDate "1991.06.05"]
[PlyCount "101"]

1.d4 Nf6 2.c4 e6 3.Nc3 Bb4 4.Qc2 c5 5.dxc5 Bxc5 6.Bf4 Nc6 7.e3 O-O 8.Nf3 
b6 9.Rd1 Be7 10.a3 Bb7 11.Nb5 d5 12.Bd3 Rc8 13.Qb1 g6 14.O-O Kg7 15.cxd5 
Nxd5 16.Bg3 a6 17.Nc3 Bd6 18.Nxd5 Bxg3 19.hxg3 exd5 20.b4 Qf6 21.Bxa6 Bxa6
22.b5 Bxb5 23.Qxb5 Ne7 24.Rd4 Rc5 25.Qb3 Rfc8 26.Rf4 Qd6 27.Rb4 Rc3 28.Qb2
Qc5 29.g4 h6 30.Rd1 Kg8 31.Rxb6 Qxa3 32.Qxa3 Rxa3 33.Rb7 Kf8 34.g5 hxg5 
35.Nxg5 Rca8 36.Nh7+ Ke8 37.Nf6+ Kf8 38.Nh7+ Ke8 39.Nf6+ Kf8 40.g4 R3a7 
41.Rdb1 Rxb7 42.Rxb7 Rd8 43.g5 Nc6 44.Rc7 Rd6 45.Kf1 Nd8 46.Rc8 Ke7 47.Ke2
d4 48.e4 Rc6 49.Rxc6 Nxc6 50.Kd3 Ne5+ 51.Kxd4 1/2-1/2

[Event "9th Vidmar Memorial"]
[Site "Bled/Rogaska Slatina YUG"]
[Date "1991.06.??"]
[Round "11"]
[White "Mohr, Georg"]
[Black "Gostisa, Leon"]
[Result "1/2-1/2"]
[WhiteElo "2465"]
[BlackElo "2440"]
[EventDate "1991.06.05"]
[PlyCount "29"]

1.Nf3 Nf6 2.c4 b6 3.g3 c5 4.Bg2 Bb7 5.O-O e6 6.Nc3 d6 7.d4 cxd4 8.Qxd4 a6 
9.Bg5 Nbd7 10.Bxf6 Nxf6 11.Qd3 Be7 12.Nd4 Bxg2 13.Kxg2 Qc7 14.Rac1 O-O 15.
f4 1/2-1/2

[Event "9th Vidmar Memorial"]
[Site "Bled/Rogaska Slatina YUG"]
[Date "1991.06.??"]
[Round "12"]
[White "Hulak, Krunoslav"]
[Black "Djuric, Stefan"]
[Result "0-1"]
[WhiteElo "2520"]
[BlackElo "2540"]
[EventDate "1991.06.05"]
[PlyCount "110"]

1.d4 Nf6 2.c4 e6 3.g3 Bb4+ 4.Bd2 Qe7 5.Bg2 Nc6 6.e3 O-O 7.Ne2 e5 8.d5 Nb8 
9.Nbc3 d6 10.a3 Bxc3 11.Nxc3 e4 12.Qc2 Re8 13.h3 Nbd7 14.O-O Nb6 15.b3 a5 
16.Nb5 a4 17.b4 h5 18.Bc3 Nh7 19.Qe2 h4 20.Rad1 Ng5 21.c5 Nf3+ 22.Kh1 dxc5
23.bxc5 Nxd5 24.Rxd5 c6 25.Rh5 cxb5 26.gxh4 Bxh3 27.Bxf3 Bxf1 28.Qxf1 exf3
29.Qb1 Qe4 30.Qg1 f6 31.Bxf6 g6 32.Bd4 Kf7 33.Rh7+ Ke6 34.Qg3 Kd5 35.Rd7+ 
Kc4 36.Bf6 Qf5 37.Rd4+ Kb3 38.Rf4 Qb1+ 39.Kh2 Re4 40.Rxf3 Rf8 41.Qd6 Rxf6 
42.Qxf6 Kxa3 43.Rf4 Rxf4 44.exf4 Qc2 45.Kg2 b4 46.f5 gxf5 47.Qe7 Qe4+ 48.
Qxe4 fxe4 49.h5 e3 50.h6 e2 51.h7 e1=Q 52.h8=Q Qe4+ 53.Kg3 Qg6+ 54.Kf4 
Qf7+ 55.Ke3 Qb3+ 0-1

[Event "9th Vidmar Memorial"]
[Site "Bled/Rogaska Slatina YUG"]
[Date "1991.06.??"]
[Round "12"]
[White "Sokolov, Ivan"]
[Black "Mohr, Georg"]
[Result "1-0"]
[WhiteElo "2570"]
[BlackElo "2465"]
[EventDate "1991.06.05"]
[PlyCount "77"]

1.d4 Nf6 2.Bg5 b6 3.Nd2 Bb7 4.Ngf3 e6 5.e3 c5 6.Bd3 cxd4 7.exd4 Be7 8.Bxf6
Bxf6 9.Qe2 O-O 10.c3 d6 11.O-O-O a6 12.h4 b5 13.Ne4 b4 14.c4 d5 15.Nxf6+ 
Qxf6 16.c5 Nc6 17.Qe3 Rfe8 18.Rhe1 a5 19.Bb5 Rec8 20.g4 Ba6 21.g5 Qf5 22.
Ba4 e5 23.Nxe5 Nxe5 24.Qxe5 Qxf2 25.h5 Qh4 26.h6 gxh6 27.gxh6 Qxh6+ 28.Kb1
Qe6 29.Rg1+ Kf8 30.Qg7+ Ke7 31.Rge1 Bd3+ 32.Bc2 Be4 33.Bxe4 dxe4 34.d5 Qf5
35.Qd4 Re8 36.Rf1 Qg6 37.d6+ Kd7 38.c6+ Kxc6 39.Rf6 1-0

[Event "9th Vidmar Memorial"]
[Site "Bled/Rogaska Slatina YUG"]
[Date "1991.06.??"]
[Round "12"]
[White "Vaganian, Rafael"]
[Black "Kozul, Zdenko"]
[Result "1-0"]
[WhiteElo "2585"]
[BlackElo "2580"]
[EventDate "1991.06.05"]
[PlyCount "73"]

1.c4 Nf6 2.Nc3 d5 3.cxd5 Nxd5 4.g3 e5 5.Bg2 Nb6 6.a3 Bd6 7.Nf3 O-O 8.O-O 
Re8 9.d3 Nc6 10.b4 a5 11.b5 Nd4 12.Nxd4 exd4 13.Ne4 a4 14.Bb2 Bf8 15.Qd2 
Re5 16.e3 dxe3 17.fxe3 Rxb5 18.Bd4 c5 19.Be5 Be6 20.Qe2 Nd7 21.Bc3 Rb3 22.
Rfc1 Be7 23.Rab1 Rb8 24.Rxb3 axb3 25.Qb2 Qf8 26.Ra1 b5 27.a4 bxa4 28.Rxa4 
Nb6 29.Ra7 f6 30.Nd2 Qd8 31.Ba5 c4 32.dxc4 Bc5 33.Qxb3 Nxc4 34.Ra8 Bxe3+ 
35.Kh1 Bb6 36.Rxb8 Qxb8 37.Nxc4 1-0

[Event "9th Vidmar Memorial"]
[Site "Bled/Rogaska Slatina YUG"]
[Date "1991.06.??"]
[Round "13"]
[White "Kozul, Zdenko"]
[Black "Hulak, Krunoslav"]
[Result "1/2-1/2"]
[WhiteElo "2580"]
[BlackElo "2520"]
[EventDate "1991.06.05"]
[PlyCount "21"]

1.d4 Nf6 2.c4 e6 3.Nf3 b6 4.Nc3 Bb7 5.a3 d5 6.cxd5 exd5 7.g3 Be7 8.Qa4+ c6
9.Bg2 O-O 10.O-O Re8 11.Bf4 1/2-1/2